Statistics for Guess the countries in dutch#2

Click here to take the quiz!

General Stats

  • This quiz has been taken 18 times
  • The average score is 15 of 15

Answer Stats

HintAnswer% Correct
ArgentiniëArgentina
100%
OostenrijkAustria
100%
Dominicaanse republiekDominican republic
100%
FrankrijkFrance
100%
DuitslandGermany
100%
KazachstanKazakhstan
100%
KeniaKenya
100%
MoldaviëMoldova
100%
NamibiëNamibia
100%
Saint Vincent en de GrenadinesSaint Vincent and the Grenadines
100%
Vaticaan stadVatican city
100%
TsjaadChad
93%
TsjechiëCzechia
93%
Congo-BrazzavilleRepublic of the Congo
93%
Congo-KinshasaDemocratic republic of the Congo
79%

Score Distribution

Percentile by Number Answered

Percent of People with Each Score

Your Score History

You have not taken this quiz